Statistics for Guess The Lyrics #5

Click here to take the quiz!

General Stats

  • This quiz has been taken 973 times
  • The average score is 94 of 221

Answer Stats

Answer% Correct
I
98%
a
97%
the
92%
The
92%
you
92%
You
92%
to
77%
be
76%
me
76%
and
73%
And
73%
we
73%
We
73%
in
72%
your
71%
It
69%
are
68%
is
68%
no
66%
my
65%
So
64%
so
64%
of
56%
can't
50%
know
49%
this
47%
I'm
45%
at
42%
all
41%
like
41%
It's
39%
it's
39%
but
34%
But
34%
here
34%
From
31%
from
31%
just
30%
Look
29%
mind
29%
Now
28%
won't
28%
eyes
24%
thing
24%
dream
20%
wouldn't
18%
away
14%
place
13%
face
12%
left
11%
change
8%
lost
7%
sure
7%
inside
6%
perfect
6%
behind,
5%
Living
5%
story
5%
fade
3%
remind
3%
such
3%
making
2%
memory
2%
mistake
2%
smells
2%
wake
2%
blind
1%
blur
1%
bought
1%
familiar
1%
gluttony
1%
innocence
1%
Lusting
1%
memory's
1%
pouring
1%
Praise
1%
recall
1%
sins
1%
stardust
1%
traces
1%
unbecoming
1%
waking
1%
wicked
1%
writing
1%
entirety
0%
Host
0%

Score Distribution

Percentile by Number Answered

Percent of People with Each Score

Your Score History

You have not taken this quiz